000 00374nam a22001577a 4500
003 MPLRDC
005 20220104143057.0
008 210129b ||||| |||| 00| 0 eng d
082 _a857.7 HXQ v.2 c.3
100 _a洪小乔著
245 _a我租了一个女人
_c
260 _a
_b金鞍出版社
_c1987
300 _b
650 _a
942 _cBK
_o857.7 HXQ v.2 c.3
999 _c36393
_d36383